Jo. Laurentii Berti fratris eremitae augustiniani theologi praeclarissimi Librorum XXXVII De theologicis disciplinis accurata synopsis, quam ad usum Seminarii Auximatis concinnavit, notis perpetuis, ac novis quibusdam dissertionibus auxit, & in lucem nunc primum edit F. Hieronymus Maria Buzius augustinianus in eodem Seminario sacrae theologiae professor. Accedunt de locis theologicis libri X qui in auctore desiderantur

Detalles Bibliográficos
Autor principal: Berti, Giovanni Lorenzo, O. S. A., 1696-1766
Otros Autores: Buzi, Girolamo, O. S. A., n. 1720, com, Stasi, Gregorio, fl. 1769, ed, Stasi, Michele, 1769, ed
Formato: Libro
Lenguaje:Latin
Publicado: Neapoli : sumptibus Gregorii, et Michaelis Stasi ; typis Josephi de Dominicis, 1769.
Materias:
Colección:Banco de datos
Acervo:Seminario Conciliar de Nuestra Señora de Guadalupe Querétaro. Qro.. Biblioteca Florencio Rosas. Fondo Reservado
Descripción Física:5 t. ; 8°
Tema general:Teología dogmática
Notas:Portada tipográfica con plecas en grabado xilográfico. Texto a renglón seguido con paginación en números arábigos, cornisas, titulillos, signaturas, reclamos y notas a pie de página. Tomo con portada y paginación propias. El t. 3 publicado en 1769. Paginación: t. 3 576 p. Incluye cabecera de título con motivos geométricos y letra capitular con motivos florales en grabado xilográfico. Encuadernación en cartón con lomo en keratol y cantos marmoleados
LEADER 01773nam a22002290004500
035 |a 995 
041 0 |a lat 
100 1 |a Berti, Giovanni Lorenzo, O. S. A., 1696-1766 
245 1 0 |a Jo. Laurentii Berti fratris eremitae augustiniani theologi praeclarissimi Librorum XXXVII De theologicis disciplinis accurata synopsis, quam ad usum Seminarii Auximatis concinnavit, notis perpetuis, ac novis quibusdam dissertionibus auxit, & in lucem nunc primum edit F. Hieronymus Maria Buzius augustinianus in eodem Seminario sacrae theologiae professor. Accedunt de locis theologicis libri X qui in auctore desiderantur 
260 |a Neapoli : sumptibus Gregorii, et Michaelis Stasi ; typis Josephi de Dominicis, 1769. 
300 |a 5 t. ; 8° 
500 |a Portada tipográfica con plecas en grabado xilográfico. Texto a renglón seguido con paginación en números arábigos, cornisas, titulillos, signaturas, reclamos y notas a pie de página. Tomo con portada y paginación propias. El t. 3 publicado en 1769. Paginación: t. 3 576 p. Incluye cabecera de título con motivos geométricos y letra capitular con motivos florales en grabado xilográfico. Encuadernación en cartón con lomo en keratol y cantos marmoleados 
504 |a Al final del tomo está el índice de contenido 
505 0 0 |a t. 3 Continens dissertationes de Verbo facto homine, tum de sacramentis in genere, ac de baptismo 
650 1 0 |a Teología dogmática 
700 1 |a Buzi, Girolamo, O. S. A., n. 1720, com. 
700 1 |a Stasi, Gregorio, fl. 1769, ed.  
700 1 |a Stasi, Michele, 1769, ed.  
949 |a Fondo Reservado: t. 3 (1629) 
942 |c QUER-RES 
943 |g Seminario Conciliar de Nuestra Señora de Guadalupe Querétaro. Qro.. Biblioteca Florencio Rosas. Fondo Reservado 
999 |c 1108659  |d 1108659